Anatomy and human movement: Structure and function (Record no. 393756)

MARC details
000 -LEADER
fixed length control field 00507 a2200193 4500
005 - DATE & TIME
control field 20260127102650.0
008 - FIXED-LENGTH DATA ELEMENTS--GENERAL INFORMATION
fixed length control field 260122b |||||||| |||| 00| 0 eng d
020 ## - ISBN
International Standard Book Number 9780443113277
Price $ 66.99
040 ## - CATALOGING SOURCE
Original cataloging agency VIVEKANANDA LIBRARY
082 ## - DDC NUMBER
Classification number 611.7
Book Number S11A(8)
100 ## - MAIN ENTRY--PERSONAL NAME
Personal name Soames, Roger
245 ## - TITLE STATEMENT
Title Anatomy and human movement: Structure and function
250 ## - EDITION STATEMENT
Edition statement 8th
260 ## - PUBLICATION, DISTRIBUTION, ETC. (IMPRINT)
Name of publisher, distributor, etc ‎ Elsevier
Date of publication, distribution, etc 2025
Place of publication, distribution, etc Amsterdam
300 ## - PHYSICAL DESCRIPTION
Pages xiii, 758
650 ## - Subject
Subject Human Anatomy
650 ## - Subject
Subject Musculoskeletal System
942 ## - ADDED ENTRY ELEMENTS (KOHA)
Koha item type Books
Holdings
Withdrawn status Lost status Source of classification or shelving scheme Damaged status Not for loan Location (home branch) Sublocation or collection (holding branch) Shelving location Date acquired Koha issues (times borrowed) Koha full call number Accession No. Koha date last seen Koha item type
    Dewey Decimal Classification     VIVEKANANDA LIBRARY VIVEKANANDA LIBRARY Vivekananda Library 03/12/2025   611.7 S11A(8) 443496 03/12/2025 Books
© Designed and Maintained by Vivekananda Library, MDU Rohtak